| 000 | 01071nam a22001937a 4500 | ||
|---|---|---|---|
| 008 | 110719t xxu||||| |||| 00| 0 ara d | ||
| 082 |
_222 _bم ر ق _a320.09 |
||
| 100 | 1 |
_926337 _aجان جاك شفاليه _eمؤلف |
|
| 245 |
_aالمؤلفات السياسية الكبرى : _bمن ماكيافل إلى أيامنا / _cجان جاك شفاليه ؛ ترجمة الياس مرقص |
||
| 260 |
_aبيروت : _bدار الحقيقة ، _c1980 . |
||
| 300 |
_a389 ص : _c24 سم . |
||
| 500 | _aترجمة كتاب Jean- Jacques Chevallier.- Les Grandes oeuvres Politiques de Mackiavel a nos jours.- preface de Andre Siegfried.- Armand Colin, Paris, 1949. | ||
| 504 | _aيحتوي علي ارجاعات ببليوجرافية | ||
| 650 |
_926772 _aالسياسة _xتاريخ |
||
| 650 |
_916238 _aالسياسة |
||
| 700 |
_920444 _aمرقص ، الياس _eمترجم |
||
| 942 |
_2ddc _cBB |
||
| 999 |
_c15704 _d15704 |
||